000 00569nam a22001937a 4500
005 20240522130925.0
010 _aENG-140477
020 _c650.00
_a9789393166166
035 _aEN-124009
037 _bDBAD
082 _a531.32
_21
245 _aResearch Oscillation/
_cEdited by Nalini Misra
260 _bSocial Research Foundation
_c2022
_aUttar Predesh
270 _a128/170, H-Block, Kidwai Nagar,
_bKanpur
300 _a152p.
_c21cm(Hb)
500 _aBibliography
700 _aMisra, Nalini
_966738
942 _2ddc
_cEN
_h531.32
_mRES
_e1
999 _c203170
_d203170